|
|
|
|
| LEADER |
02174nem a22004332a 4500 |
| 001 |
mzk03001057555 |
| 003 |
CZ BrMZK |
| 005 |
20110704102238.0 |
| 007 |
aj|aa||| |
| 008 |
071127q16801720gw i||||||a|||r|0|||gerod |
| 034 |
0 |
|
|a a
|d E0064136
|e E0083250
|f N0501249
|g N0484357
|
| 040 |
|
|
|a BOA001
|b cze
|
| 043 |
|
|
|a e-gx---
|
| 072 |
|
7 |
|a 912:904
|x Staré mapy
|2 Konspekt
|9 7
|
| 080 |
|
|
|a (084.3)
|2 MRF
|
| 080 |
|
|
|a (430.123)
|2 MRF
|
| 080 |
|
|
|a 912.43:069.5
|2 MRF
|
| 100 |
1 |
|
|a Pfann, Wilhelm,
|d činný 1660-1690
|7 mzk2007408516
|4 aut
|
| 245 |
1 |
0 |
|a Neueste Karte und Richtige Vorstellung Aller Städte, Vestungen, Schlösser und remarquablen Ort, welche die Kron Frankreich zwischen dem Rhein, Saar, Mosel und im Elsaß wirklich besitzet
|h [kartografický dokument] :
|b Haben die abgebrannten Oerter mit dem Zeichen des Flammen bemerket erscheinen /
|c Wilhelm Pfann sculpsit
|
| 255 |
|
|
|a Měřítko 7,6 cm = 4 Frantzösische Meillen, 9,2 cm = 3 Gemeine teutsche Meillen, 11,2 cm = 3 Grosse teutsche Meillen
|c (006°41´36" v.d.--008°32´50" v.d./050°12´49" s.š.--048°43´57" s.š.)
|
| 260 |
|
|
|a [Nürnberg :
|b s.n.,
|c mezi 1680 a 1720]
|
| 300 |
|
|
|a 1 mapa :
|b mědirytina ;
|c 78 x 61 cm na listu 82 x 65 cm, složeno na 53 x 65 cm
|
| 500 |
|
|
|a Výzdoba: V levém horním rohu výřez s grafickými měřítky, v pravém horním rohu severka, v levém dolním rohu kartuš s vysvětlivkami, v pravém dolním rohu názvová kartuš s alegorickou rytinou, souřadnicová síť
|
| 510 |
3 |
|
|a COPAC
|
| 510 |
4 |
|
|a Kuchař, K. Mapová sbírka B.P. Molla,
|c s. 391
|
| 655 |
|
7 |
|a historické mapy
|7 fd186723
|2 czenas
|
| 650 |
0 |
4 |
|a Mollova mapová sbírka
|
| 650 |
0 |
7 |
|a mapové sbírky
|z Česko
|7 ph182407
|2 czenas
|
| 610 |
2 |
7 |
|a Moravská zemská knihovna (Brno, Česko).
|b Mapová sbírka B.P. Molla
|7 mzk2005304487
|2 czenas
|
| 651 |
|
7 |
|a Porýní-Falc (Německo)
|7 ge134436
|2 czenas
|
| 856 |
4 |
1 |
|u http://mapy.mzk.cz/mzk03/001/057/555/2619317988
|y Digitalizovaný dokument
|
| 903 |
|
|
|a RP
|
| 910 |
|
|
|a BOA001
|b Moll-0004.465
|
| 978 |
|
|
|b S.n.
|a Nürnberg
|c 1680-1720
|
| 984 |
|
|
|a Norimberk
|b Německo
|
| 985 |
|
|
|a 1651-1700
|
| 985 |
|
|
|a 1701-1750
|
| 990 |
|
|
|a MP
|
| 991 |
|
|
|k mzk
|